Readings on Malaysian economic development
| Main Author: | |
|---|---|
| Format: | Book |
| Published: |
Kuala Lumpur :
Oxford university press ,
1973
|
| Subjects: |
MARC
| LEADER | 00000cam a2200000 7i4500 | ||
|---|---|---|---|
| 001 | 0000009583 | ||
| 005 | 20160923.0 | ||
| 040 | |a INS | ||
| 090 | 0 | 0 | |a HC445.5. |b L56 1973 |
| 100 | 1 | |a Lim, David | |
| 245 | 0 | 0 | |a Readings on Malaysian economic development |c edited by David Lim |
| 260 | |a Kuala Lumpur : |b Oxford university press , |c 1973 | ||
| 300 | |a 421p. ; |c 24 cm. | ||
| 500 | |a Includes index | ||
| 650 | 0 | |a MalaysiaxEconomic policy | |
| 650 | 0 | 0 | |a Malaysia |x Economics conditions |
| 999 | |a 0000023642 |b BOOK |c Open Shelf |e Default branch | ||